wwe ppv - Statistics

General Stats
  • This quiz has been taken 3,870 times
  • The average score is 8 of 11
Answer Stats
Hint Answer % Correct
january royal rumble
96%
april wrestlemania
94%
august summerslam
88%
february elimination chamber
82%
july money in the bank
79%
november survivor series
78%
december TLC
70%
october hell in a cell
68%
may extreme rules
61%
june payback
51%
september night of champions
46%
No matching quizzes found
Score Distribution
Percent of People with Each Score
Percentile by Number Answered
Your Score History
You have not taken this quiz